000 00291nam a2200121Ia 4500
005 20251222154404.0
008 251222s9999||||xx |||||||||||||| ||spa||
020 _a84-01-46249-5
082 _a828.9/P66
100 _a"Plaidy, Jean"
245 0 _aLa rebelión contra Enrique II
942 _cLIB
999 _c35404
_d35404